[Event "Voronezh op-B 17th"]
[Site "Voronezh"]
[Date "2013.06.17"]
[Round "7"]
[White "Losyakov, Andrey"]
[Black "Chekletsov, Egor"]
[Result "0-1"]
[WhiteElo "1998"]
[BlackElo "1859"]
[PlyCount "94"]
[EventDate "2013.06.12"]
[EventType "swiss"]
[EventRounds "9"]
[EventCountry "RUS"]
[SourceTitle "EXT 2014"]
[Source "ChessBase"]
[SourceDate "2013.11.20"]
[SourceVersion "1"]
[SourceVersionDate "2013.11.20"]
[SourceQuality "1"]

1. e4 c5 2. Nf3 e6 3. d4 cxd4 4. Nxd4 a6 5. Bd3 Qc7 6. c4 Nf6 7. Nc3 Nc6 8. Nc2 d6 9. 0-0 Be7 10. Qe2 b6 11. f4 Bb7 12. Bd2 0-0 13. Rae1 Rfd8 14. Kh1 Rac8 15. h3 Bf8 16. Qf2 Nd7 17. b4 d5 18. exd5 Nxb4 19. Nxb4 Bxb4 20. dxe6 fxe6 21. Rb1 Bc5 22. Qe2 Re8 23. Ne4 Rcd8 24. Bc3 e5 25. f5 Bxe4 26. Bxe4 Nf6 27. Bc2 Bd4 28. Be1 Qc6 29. Bh4 Rc8 30. Bxf6 Qxf6 31. Be4 Kh8 32. Rbd1 Red8 33. Bb7 Rc7 34. Bxa6 Ra8 35. Bb5 Rc5 36. Rfe1 Qxf5 37. Rxd4 exd4 38. Qe8+ Qf8 39. Qe4 Rd8 40. Rd1 d3 41. Bc6 d2 42. Bd5 Qf2 43. Kh2 h6 44. Qd3 Qe1 45. Rxd2 Qe5+ 46. Kg1 Rxc4 47. Re2 Rc1+ 0-1

[Event "Voronezh op-B 17th"]
[Site "Voronezh"]
[Date "2013.06.15"]
[Round "4"]
[White "Shcherbakov, Nikolay"]
[Black "Losyakov, Andrey"]
[Result "0-1"]
[WhiteElo "1824"]
[BlackElo "1998"]
[PlyCount "66"]
[EventDate "2013.06.12"]
[EventType "swiss"]
[EventRounds "9"]
[EventCountry "RUS"]
[SourceTitle "EXT 2014"]
[Source "ChessBase"]
[SourceDate "2013.11.20"]
[SourceVersion "1"]
[SourceVersionDate "2013.11.20"]
[SourceQuality "1"]

1. d4 Nf6 2. c4 c6 3. Nc3 d5 4. cxd5 cxd5 5. Nf3 Nc6 6. e3 Bg4 7. h3 Bh5 8. Be2 e6 9. 0-0 Bd6 10. Bd2 a6 11. Rc1 0-0 12. Na4 Ne4 13. Be1 f5 14. Nd2 Bxe2 15. Qxe2 f4 16. f3 fxe3 17. fxe4 exd2 18. Bxd2 Nxd4 19. Qd3 Be5 20. Be3 dxe4 21. Qd2 Nf5 22. Qxd8 Raxd8 23. Bb6 Rd2 24. Rcd1 e3 25. Ba5 Rc2 26. Bc3 Bg3 27. Rc1 Rf2 28. Nc5 Nh4 29. Rxf2 Rxf2 30. Rf1 Rxg2+ 31. Kh1 e2 32. Rf4 Rh2+ 33. Kg1 Bxf4 0-1

[Event "Astrakhan op"]
[Site "Astrakhan"]
[Date "2012.08.16"]
[Round "2"]
[White "Losyakov, Andrey"]
[Black "Kostin, Alexey"]
[Result "0-1"]
[WhiteElo "2045"]
[BlackElo "2334"]
[PlyCount "44"]
[EventDate "2012.08.15"]
[EventType "swiss"]
[EventRounds "9"]
[EventCountry "RUS"]
[SourceTitle "CBM 150 Extra"]
[Source "ChessBase"]
[SourceDate "2012.10.19"]
[SourceVersion "1"]
[SourceVersionDate "2012.10.19"]
[SourceQuality "1"]

1. e4 c5 2. Nf3 e6 3. c4 a6 4. Nc3 Qc7 5. d4 cxd4 6. Nxd4 Nf6 7. f3 Bb4 8. Qb3 Bc5 9. Be3 0-0 10. Bd3 Nc6 11. Nce2 d5 12. exd5 exd5 13. 0-0 Qe5 14. Kh1 Nxd4 15. Qc3 Bd6 16. Bf4 Nxe2 17. Bxe5 Nxc3 18. Bxd6 dxc4 19. Bxc4 Rd8 20. Be7 Rd4 21. Bxf6 gxf6 22. Bb3 Nb5 0-1

[Event "Uljanovsk Privolje op"]
[Site "Uljanovsk"]
[Date "2012.02.04"]
[Round "8"]
[White "Losyakov, Andrey"]
[Black "Gayduk, Evgeny"]
[Result "0-1"]
[WhiteElo "2053"]
[BlackElo "2305"]
[PlyCount "60"]
[EventDate "2012.01.31"]
[EventType "swiss"]
[EventRounds "9"]
[EventCountry "RUS"]
[SourceTitle "EXT 2013"]
[Source "ChessBase"]
[SourceDate "2012.11.22"]
[SourceVersion "1"]
[SourceVersionDate "2012.11.22"]
[SourceQuality "1"]

1. e4 g6 2. d4 Bg7 3. Nc3 d6 4. h3 Nf6 5. Be3 0-0 6. g4 e5 7. Nge2 exd4 8. Nxd4 Re8 9. Bg2 Na6 10. Nb3 Nb4 11. 0-0 h6 12. f4 a5 13. a3 Nc6 14. Nd4 Bd7 15. Qd2 Nxd4 16. Bxd4 Bc6 17. Rae1 Qd7 18. Qf2 b5 19. e5 Bxg2 20. Qxg2 dxe5 21. Bxe5 b4 22. Ne4 Nxe4 23. Bxg7 Kxg7 24. Rxe4 Rxe4 25. Qxe4 Re8 26. Qc4 Qd2 27. Rf2 Re1+ 28. Kg2 Qd1 29. Kg3 Rg1+ 30. Rg2 Qe1+ 0-1

[Event "Uljanovsk Privolje op"]
[Site "Uljanovsk"]
[Date "2012.02.03"]
[Round "6"]
[White "Battalov, Bulat"]
[Black "Losyakov, Andrey"]
[Result "1/2-1/2"]
[WhiteElo "2147"]
[BlackElo "2053"]
[PlyCount "52"]
[EventDate "2012.01.31"]
[EventType "swiss"]
[EventRounds "9"]
[EventCountry "RUS"]
[SourceTitle "EXT 2013"]
[Source "ChessBase"]
[SourceDate "2012.11.22"]
[SourceVersion "1"]
[SourceVersionDate "2012.11.22"]
[SourceQuality "1"]

1. e4 d6 2. d4 Nf6 3. Nc3 c6 4. f3 e5 5. Be3 Nbd7 6. Qd2 b5 7. g4 h6 8. d5 cxd5 9. Nxd5 a6 10. Ne2 Bb7 11. Nec3 Rc8 12. a4 Nxd5 13. Nxd5 Bxd5 14. exd5 Be7 15. axb5 axb5 16. Bxb5 Bh4+ 17. Ke2 0-0 18. Ra7 Nf6 19. h3 Nh7 20. Bc6 Ng5 21. Bf2 Bxf2 22. Kxf2 Qb6+ 23. Qe3 Qxb2 24. h4 Qxc2+ 25. Qe2 Qc5+ 26. Qe3 Qc2+ 1/2-1/2

[Event "Uljanovsk Privolje op"]
[Site "Uljanovsk"]
[Date "2012.02.02"]
[Round "5"]
[White "Afanasiev, Petr"]
[Black "Losyakov, Andrey"]
[Result "0-1"]
[WhiteElo "1805"]
[BlackElo "2053"]
[PlyCount "60"]
[EventDate "2012.01.31"]
[EventType "swiss"]
[EventRounds "9"]
[EventCountry "RUS"]
[SourceTitle "EXT 2013"]
[Source "ChessBase"]
[SourceDate "2012.11.22"]
[SourceVersion "1"]
[SourceVersionDate "2012.11.22"]
[SourceQuality "1"]

1. d4 d5 2. g3 Nf6 3. Bg2 g6 4. Nf3 Bg7 5. c3 c6 6. 0-0 0-0 7. Qb3 Re8 8. Nbd2 Nbd7 9. e3 e5 10. dxe5 Nxe5 11. Nxe5 Rxe5 12. Nf3 Re8 13. Rd1 Qc7 14. Bd2 Ne4 15. Be1 a6 16. Rac1 Nc5 17. Qa3 Bf8 18. b4 Ne4 19. Qb3 Nd6 20. Nd4 Nc4 21. a4 Bh6 22. Rd3 Qe7 23. Rc2 Bf5 24. Nxf5 gxf5 25. f4 b5 26. Re2 Qf6 27. Bf2 Re6 28. Qd1 a5 29. Bf3 Bf8 30. Qe1 Bd6 0-1

[Event "Uljanovsk Privolje op"]
[Site "Uljanovsk"]
[Date "2011.02.06"]
[Round "9"]
[White "Ospennikov, Dmitry V"]
[Black "Losyakov, Andrey"]
[Result "1/2-1/2"]
[WhiteElo "2225"]
[BlackElo "2047"]
[PlyCount "116"]
[EventDate "2011.02.01"]
[EventType "swiss"]
[EventRounds "9"]
[EventCountry "RUS"]
[SourceTitle "CBM 140 Extra"]
[Source "ChessBase"]
[SourceDate "2011.03.01"]
[SourceVersion "1"]
[SourceVersionDate "2011.03.01"]
[SourceQuality "1"]

1. e4 d6 2. d4 Nf6 3. Nc3 c6 4. Nf3 Bg4 5. Be2 e6 6. 0-0 Be7 7. e5 Nd5 8. Ne4 dxe5 9. Nxe5 Bxe2 10. Qxe2 0-0 11. b3 Nd7 12. Bb2 N5f6 13. Ng3 Nxe5 14. dxe5 Nd5 15. Rad1 Qa5 16. c4 Nf4 17. Qg4 Ng6 18. a3 Rad8 19. Qe2 Rxd1 20. Rxd1 Rd8 21. Rxd8+ Qxd8 22. Nf1 h6 23. g3 Qa5 24. Qd2 Qc7 25. Qc3 Nf8 26. Nd2 Nd7 27. Ne4 Nc5 28. Nxc5 Bxc5 29. Kg2 Qd7 30. b4 Be7 31. Qd4 Qxd4 32. Bxd4 a5 33. bxa5 Bxa3 34. Kf3 Kf8 35. Ke4 Ke7 36. g4 Bb4 37. Bb6 Kd7 38. h4 Bc3 39. f4 Bb4 40. h5 g6 41. g5 Bf8 42. hxg6 fxg6 43. gxh6 Bxh6 44. Be3 Bf8 45. Bd2 Bc5 46. Kd3 Kc7 47. Be3 Bb4 48. Bb6+ Kd7 49. Ke3 Ke7 50. Ke4 Kd7 51. Kf3 Ke7 52. Kg4 Kf7 53. Bc7 Bd2 54. Bd8 Bb4 55. Kf3 Ke8 56. Bb6 Kd7 57. Ke2 Ba3 58. Kd3 Bb4 1/2-1/2

[Event "Uljanovsk Privolje op"]
[Site "Uljanovsk"]
[Date "2011.02.03"]
[Round "5"]
[White "Gabunov, Fail"]
[Black "Losyakov, Andrey"]
[Result "0-1"]
[WhiteElo "1878"]
[BlackElo "2047"]
[PlyCount "102"]
[EventDate "2011.02.01"]
[EventType "swiss"]
[EventRounds "9"]
[EventCountry "RUS"]
[SourceTitle "CBM 140 Extra"]
[Source "ChessBase"]
[SourceDate "2011.03.01"]
[SourceVersion "1"]
[SourceVersionDate "2011.03.01"]
[SourceQuality "1"]

1. d4 Nf6 2. c4 c6 3. Nc3 d5 4. e3 a6 5. Nf3 b5 6. c5 Nbd7 7. Qc2 g6 8. a3 a5 9. e4 dxe4 10. Nxe4 Nd5 11. b3 Bg7 12. Bb2 0-0 13. Be2 Qc7 14. 0-0 N7f6 15. Nxf6+ exf6 16. Rfe1 Be6 17. Rab1 Nf4 18. Bf1 Bd5 19. Nh4 a4 20. bxa4 Rxa4 21. g3 Ne6 22. Bg2 Rd8 23. Bxd5 Rxd5 24. Nf3 Qd7 25. Qe2 Ra8 26. Rbd1 Rd8 27. Bc3 Ng5 28. Nxg5 fxg5 29. Qe4 Bf6 30. Kg2 Ra8 31. Bb2 Kg7 32. Re2 Ra4 33. Qe8 Qxe8 34. Rxe8 Bxd4 35. Bxd4+ Rdxd4 36. Rxd4 Rxd4 37. Rc8 Ra4 38. Rxc6 Rxa3 39. Rb6 Rb3 40. c6 g4 41. c7 Rc3 42. Rxb5 Rxc7 43. Rb4 h5 44. h3 gxh3+ 45. Kxh3 Kh6 46. f4 Rc2 47. Rb7 Kg7 48. Ra7 Rc5 49. Kh4 Kf6 50. Ra6+ Kf5 51. Ra4 Rc2 0-1

[Event "Uljanovsk Privolje op"]
[Site "Uljanovsk"]
[Date "2011.02.02"]
[Round "3"]
[White "Gabdushev, Ruslan"]
[Black "Losyakov, Andrey"]
[Result "1-0"]
[WhiteElo "2333"]
[BlackElo "2047"]
[PlyCount "81"]
[EventDate "2011.02.01"]
[EventType "swiss"]
[EventRounds "9"]
[EventCountry "RUS"]
[SourceTitle "CBM 140 Extra"]
[Source "ChessBase"]
[SourceDate "2011.03.01"]
[SourceVersion "1"]
[SourceVersionDate "2011.03.01"]
[SourceQuality "1"]

1. b3 e5 2. Bb2 d6 3. e3 Nc6 4. Bb5 Bd7 5. Nf3 Be7 6. 0-0 Bf6 7. d4 exd4 8. exd4 d5 9. Re1+ Nge7 10. Bxc6 bxc6 11. Nbd2 0-0 12. Ne5 Nf5 13. Qf3 Bg5 14. Nf1 f6 15. Nxc6 Bxc6 16. Qxf5 Re8 17. Bc3 g6 18. Qd3 f5 19. Bd2 Bf6 20. Rxe8+ Qxe8 21. Re1 Qd7 22. Bf4 a5 23. a4 Bb7 24. Nd2 c6 25. Nf3 Re8 26. Be5 Bd8 27. h4 Qf7 28. Qd2 Bc8 29. Qf4 Bd7 30. Bc7 Rxe1+ 31. Nxe1 Qe8 32. Nf3 Bc8 33. Bxd8 Qxd8 34. Qb8 Qd7 35. Ne5 Qe6 36. Qc7 f4 37. Qxc6 Qf5 38. Qxd5+ Be6 39. Qd8+ Kg7 40. Qe7+ Kh8 41. c4 1-0

[Event "Moscow op-B 04th"]
[Site "Moscow"]
[Date "2008.02.07"]
[Round "6"]
[White "Losyakov, Andrey"]
[Black "Grigorian, Sergey"]
[Result "0-1"]
[WhiteElo "1978"]
[BlackElo "2133"]
[PlyCount "100"]
[EventDate "2008.02.02"]
[EventType "swiss"]
[EventRounds "9"]
[EventCountry "RUS"]
[SourceTitle "CBM 122 Extra"]
[Source "ChessBase"]
[SourceDate "2008.03.04"]
[SourceVersion "1"]
[SourceVersionDate "2008.03.04"]
[SourceQuality "1"]

1. e4 c6 2. Nc3 d5 3. Nf3 Nf6 4. exd5 Nxd5 5. Bc4 Bg4 6. d4 e6 7. Nxd5 exd5 8. Be2 Be7 9. 0-0 0-0 10. c3 Nd7 11. a4 Bf6 12. a5 Qc7 13. Be3 Rfe8 14. Re1 h6 15. b4 Qd6 16. Qd2 Nf8 17. Bf4 Qd8 18. Ne5 Bxe2 19. Rxe2 Ne6 20. Bg3 Bxe5 21. Rxe5 Ng5 22. f3 Rxe5 23. Bxe5 Qd7 24. Bf4 Ne6 25. Bg3 a6 26. Re1 Re8 27. Re2 Ng5 28. Rxe8+ Qxe8 29. Qf4 Qd7 30. h4 Ne6 31. Qe5 f6 32. Qb8+ Kf7 33. h5 Ng5 34. Bf4 Nh7 35. Bc7 Nf8 36. Bd6 Ne6 37. f4 f5 38. Be5 Qe7 39. g3 Nd8 40. Qc8 g6 41. hxg6+ Kxg6 42. g4 fxg4 43. Qxg4+ Kf7 44. Qh5+ Ke6 45. Qxh6+ Kd7 46. Qh3+ Qe6 47. f5 Qg8+ 48. Kf2 Ke8 49. Kf3 Nf7 50. f6 Ng5+ 0-1